<?xml version="1.0" encoding="UTF-8"?>
<record
    xmlns:xsi="http://www.w3.org/2001/XMLSchema-instance"
    xsi:schemaLocation="http://www.loc.gov/MARC21/slim http://www.loc.gov/standards/marcxml/schema/MARC21slim.xsd"
    xmlns="http://www.loc.gov/MARC21/slim">

  <leader>00616nam a2200169Ia 4500</leader>
  <controlfield tag="008">090711s9999    xx            000 0 und d</controlfield>
  <datafield tag="082" ind1=" " ind2=" ">
    <subfield code="b">30564</subfield>
  </datafield>
  <datafield tag="100" ind1=" " ind2=" ">
    <subfield code="a">&#x92C;&#x947;&#x921;&#x947;&#x915;&#x930; &#x92E;&#x93E;&#x932;&#x924;&#x940;&#x92C;&#x93E;&#x908;</subfield>
  </datafield>
  <datafield tag="245" ind1=" " ind2=" ">
    <subfield code="a">&#x915;&#x932;&#x93F;&#x92F;&#x941;&#x917; &#x917; &#x92C;&#x93E;&#x908; &#x915;&#x932;&#x93F;&#x92F;&#x941;&#x917;</subfield>
  </datafield>
  <datafield tag="260" ind1=" " ind2=" ">
    <subfield code="b">&#x938;&#x93E;&#x927;&#x928;&#x93E; &#x92A;&#x94D;&#x930;&#x915;&#x93E;&#x936;&#x928;</subfield>
    <subfield code="c">1966</subfield>
  </datafield>
  <datafield tag="300" ind1=" " ind2=" ">
    <subfield code="a">70</subfield>
  </datafield>
  <datafield tag="600" ind1=" " ind2=" ">
    <subfield code="a">&#x92C;&#x947;&#x921;&#x947;&#x915;&#x930; &#x92E;&#x93E;&#x932;&#x924;&#x940;&#x92C;&#x93E;&#x908;</subfield>
  </datafield>
  <datafield tag="630" ind1=" " ind2=" ">
    <subfield code="a">&#x915;&#x932;&#x93F;&#x92F;&#x941;&#x917; &#x917; &#x92C;&#x93E;&#x908; &#x915;&#x932;&#x93F;&#x92F;&#x941;&#x917;</subfield>
  </datafield>
  <datafield tag="700" ind1=" " ind2=" ">
    <subfield code="a">&#x92C;&#x947;&#x921;&#x947;&#x915;&#x930; &#x92E;&#x93E;&#x932;&#x924;&#x940;&#x92C;&#x93E;&#x908;</subfield>
  </datafield>
  <datafield tag="730" ind1=" " ind2=" ">
    <subfield code="a">&#x915;&#x932;&#x93F;&#x92F;&#x941;&#x917; &#x917; &#x92C;&#x93E;&#x908; &#x915;&#x932;&#x93F;&#x92F;&#x941;&#x917;</subfield>
  </datafield>
  <datafield tag="942" ind1=" " ind2=" ">
    <subfield code="c">BOOK</subfield>
  </datafield>
  <datafield tag="999" ind1=" " ind2=" ">
    <subfield code="c">329853</subfield>
    <subfield code="d">329853</subfield>
  </datafield>
  <datafield tag="952" ind1=" " ind2=" ">
    <subfield code="0">0</subfield>
    <subfield code="1">0</subfield>
    <subfield code="4">0</subfield>
    <subfield code="7">0</subfield>
    <subfield code="a">DASAVA</subfield>
    <subfield code="b">DASAVA</subfield>
    <subfield code="d">2009-07-11</subfield>
    <subfield code="g">2.50</subfield>
    <subfield code="l">0</subfield>
    <subfield code="o">30564</subfield>
    <subfield code="p">DASAVA-30564</subfield>
    <subfield code="r">2009-07-11 00:00:00</subfield>
    <subfield code="v">2.50</subfield>
    <subfield code="w">2009-07-11</subfield>
    <subfield code="y">BOOK</subfield>
  </datafield>
</record>
